01015nas a2200241Ia 4500001001100000003000900011008004100020040001300061040001300074041001300087100003800100210001800138222001800156245008900174250001100263260004100274501008600315300001100401310001200412362003300424500026200457650005400719R138/F8764IT-RoPAU151124c99999999xx |||||||||||| ||und|| aIT-RoPAU cIT-RoPAU aITALIANO aAA.VV. gCodice Aut. SPICS: 12000 aFAMIGLIA OGGI aFamiglia Oggi aFAMIGLIA OGGI, ANNO 22-N.O4 (APRILE 1999)bFamiglia Oggi, Anno 22-N.O4 (Aprile 1999) a1a ed. aALBA (CN)bPERIODICI SAN PAOLOc1999 bPaulus - SPICS - Società€ San Paolo EM (non-commercial uses only)cCopyright2015 a100 p. aMENSILE aANNO 022, N.O4 (APRILE 1999) aNumero Speciale Sul Figlio Adolescente: anche i Genitori Crescono con Lui.Contributi di Autori Vari: Coppia con Figli Adolescenti: Effetti su Maritoe Moglie di Secondo Giacobbi, Peso dei Pregiudizi nel Rapporto tra Genitori e Figli di Domenico Barrilà€, Im aCOMUNICAZIONE - FAMIGLIAvPUBBLICAZIONE PERIODICA